| 000 | 00597nam a2200181Ia 4500 | ||
|---|---|---|---|
| 003 | IN-BaIIA | ||
| 008 | 211028s9999 xx 000 0 eng d | ||
| 040 | _cIIA Library | ||
| 080 |
_a524.3-4 _bFRA |
||
| 100 |
_aFrank-Kamenetskii, D. A. _94076 |
||
| 245 | 0 |
_aPhysical processes in stellar interiors _cD. A. Frank-Kamenetskii |
|
| 260 |
_aJerusalem _bIsrael Program for Scientific Translations _c1962 |
||
| 300 | _axi, 337p. | ||
| 650 | _aAstronomy and astrophysics thesaurus | ||
| 650 | _aStellar structure | ||
| 650 |
_aSteller interiors _94077 |
||
| 942 | _cBK | ||
| 999 |
_c2278 _d2278 |
||